- Alba, Pedro de,
Entry Nombre Personal
001 - NUMERO DE CONTROL
- campo de control: 27938
003 - IDENTIFICADOR DE NUMERO DE CONTROL
- campo de control: MX-MxUPN
005 - FECHA Y HORA DE LA ÜLTIMA TRANSACCIÓN
- campo de control: 20240509093208.0
008 - DATOS DE LONGITUD FIJA
- campo de control de longitud fija: 240509nn|acannaabn | aaa |d
035 ## - NUMERO DE CONTROL
- Número de control: UPN11000000044
040 ## - FUENTE DE CATALOGACIÓN
- Lenguaje de catalogación: spa
- Agencia de transcripción: MX-MxUPN
- Agencia original de catalogación: MX-MxUPN
046 ## - FECHAS CON CODIFICACIÓN ESPECIAL
- Fecha de nacimiento: 18871217
- Fecha de muerte: 19601110
100 1# - ENCABEZAMIENTO - NOMBRE PERSONAL
- Nombre personal: Alba, Pedro de,
- Fechas asociadas con el nombre: 1887-1960
370 ## - LUGAR ASOCIADO
- Fuente del término: $naf
- Place of birth: San Juan de los Lagos (México)
- Other associated place: Aguascalientes (México)
- Other associated place: Monterrey (México)
372 ## - CAMPO DE ACTIVIDAD
- Field of activity: Ciencias Sociales
373 ## - GRUPO ASOCIADO
- Fuente del término: $naf
- Associated group: Escuela Médico Militar (México)
373 ## - GRUPO ASOCIADO
- Fuente del término: $naf
- Associated group: Universidad Nacional Autonoma de México. Facultad de Filosofía y Letras.
- Start period: 1927
373 ## - GRUPO ASOCIADO
- Fuente del término: $naf
- Associated group: Escuela Nacional Preparatoria (México)
- Start period: 1929
373 ## - GRUPO ASOCIADO
- Fuente del término: $naf
- Associated group: Universidad de Nuevo León
- Start period: 1933
373 ## - GRUPO ASOCIADO
- Fuente del término: $naf
- Associated group: Congreso (México)
- Start period: 1917
- End period: 1957
374 ## - OCUPACIÓN
- Occupation: Médico Cirujano
374 ## - OCUPACIÓN
- Occupation: Diputado
- Start period: 1917
- End period: 1920
374 ## - OCUPACIÓN
- Occupation: Senador
- Start period: 1920
- End period: 1957
374 ## - OCUPACIÓN
- Occupation: Diplomático
670 ## - FUENTE EN LA QUE SE LOCALIZARON DATOS
- Cita de la fuente: T
- Información localizada: Diccionario Porrúa de historia, biografía y geografía de México
670 ## - FUENTE EN LA QUE SE LOCALIZARON DATOS
- Cita de la fuente: LC, 09 mayo 2024:
- Información localizada: (Alba, Pedro de, 1887-1960)
- Uniform Resource Identifier: https://lccn.loc.gov/nr93026171
670 ## - FUENTE EN LA QUE SE LOCALIZARON DATOS
- Cita de la fuente: Junta de Gobierno UNAM, 09 mayo 2024:
- Información localizada: (Área: Ciencias Sociales. Nació en San Juan de los Lagos, Jalisco, el 17 de diciembre de 1887 y falleció el 10 de noviembre de 1960. En 1913, se recibió como Médico Cirujano y obtuvo el grado de mayor del Ejército al concluir sus estudios en la Escuela Médico Militar. En 1927, ocupó el cargo de Director de la Facultad de Filosofía y Letras de la Universidad Nacional. El 13 de julio de 1929, recibió el nombramiento como Director de la Escuela Nacional Preparatoria. Al finalizar esta labor llegó a Monterrey comisionado por la Secretaría de Educación Pública para coadyuvar en la organización de la Universidad de Nuevo León en 1933. Fue diputado del Congreso de la Unión de 1917 a 1920 y dos veces senador de la República por el estado de Aguascalientes, de 1920 a 1922 y de 1952 a 1957)
670 ## - FUENTE EN LA QUE SE LOCALIZARON DATOS
- Cita de la fuente: Lecturas progresivas : libro segundo para uso de los niños que cursen el 4° año escolar, 1921 :
- Información localizada: cubierta (sello: Obsequio del Doctor Pedro de Alba; senador del estado de Aguascalientes)
680 ## - NOTA PUBLICA DE ACCESO PÚBLICO
- Frase explicativa de la referencia: Educador mexicano
902 ## - CATALOGADOR
- Catalogador: DAA/220307
